000 00797nam a2200241 a 4500
001 64157
003 BD-RjUL
005 20211209081257.0
008 170209s1957 ii ||||| |||| 00| p ben d
020 _c: Tk. 3.00
035 _a(BD-RjUL)64287
040 _aBD-RjUL
_bben
_cBD-RjUL
_dBD-RjUL
041 _aben
082 _223
_a891.441
_bBAK 1957
100 _aবসু, বুদ্ধদেব
_9178160
245 1 0 _aকঙ্কাবতী /
_cবুদ্ধদেব বসু
250 _aপরিবর্ধিত নাভানা সং.
260 _aকলকাতা :
_bনাভানা,
_c১৯৫৭
300 _a৯৮ পৃ. ;
_c২৩ সেমি.
650 _aবাংলা কবিতা
_9179513
650 _aBengali Poetry
_9179514
942 _2ddc
_cBK
999 _c64157
_d64157